| 000 | 00541nam a22001817a 4500 | ||
|---|---|---|---|
| 003 | CEME | ||
| 005 | 20210628205652.0 | ||
| 008 | 210312b xxu||||| |||| 00| 0 eng d | ||
| 020 | _a0-7645-8002-7 | ||
| 040 | _c. | ||
| 082 | _a004.67 HUR | ||
| 100 |
_aHassinger, Sebastian Hurley, William.W Gregg, T.Preston _976544 |
||
| 245 | _a60 minutes guide to shockwave | ||
| 260 |
_aHILLSDALE _bIDG BOOK _c1996 |
||
| 300 | _a250P | ||
| 650 |
_aSHOCKWAVE TECHNOLOGY SHOCKWAVE TIPS AND TRICKS INTERNET SHOCKWAVE DELIVERY _976545 |
||
| 942 |
_cBK _2ddc |
||
| 999 |
_c581923 _d581923 |
||